| 000 | 00699nam a2200253Ia 4500 | ||
|---|---|---|---|
| 003 | OSt | ||
| 005 | 20221005062534.0 | ||
| 006 | a|||||r|||| 00| 0 | ||
| 007 | ta | ||
| 008 | 221004b |||||||| |||| 00| 0 eng d | ||
| 020 | _a0761913971 | ||
| 024 | _a35295 | ||
| 037 | _cTextual | ||
| 040 |
_aCRL _cCRL _beng |
||
| 041 |
_2eng _aeng |
||
| 082 | _aY2:(S:34), N8 | ||
| 100 |
_aMcCubbin Hamilton I Ed. _920768 |
||
| 245 | 0 | _aStress coping and health in families sense of coherence and resiliency | |
| 260 |
_aLondon _bSage _c1998 |
||
| 300 |
_a313p. _ccm. |
||
| 650 | _aSOCIOLOGY | ||
| 942 |
_hY2:(S:34), N8 _cTEXL _2cc |
||
| 999 |
_c969839 _d969839 |
||